Artistas más Escuchados: Chile - Estadísticas

Estadísticas generales
  • Esta prueba ha sido intentada 66 veces
  • La puntuación promedio es 14 de 20
Estadísticas de respuestas
Canciones Artista Oyentes Mensuales % Correcto
"Una Noche en Medellín", "Daytona", "SI NO ES CONTIGO" Cris Mj 31.734.936
92%
"APAGA EL CEL", "Gata Only", "Peligrosa" FloyyMenor 25.514.325
89%
"MY BLOOD", "LACONE", "ULTRA SOLO" Polimá Westcoast 4.838.778
87%
"Tren Al Sur" "El Baile De Los Que Sobran", "Estrechez De Corazón" Los Prisioneros 4.060.667
85%
"Tu Falta De Querer", "Si Tú Me Quisieras", "Mi Buen Amor" Mon Laferte 13.062.383
85%
"SATIROLOGÍA", "Confortas Pero Dañas", "WHISKY A LA ROCA" Kidd Voodoo 6.661.961
84%
"Bailando Solo", "Llueve Sobre La Ciudad", "Nada Nuevo Bajo El Sol" Los Bunkers 4.045.316
84%
"Gitana", "Vibras", "These Weones" Pablo Chill-E 5.810.446
84%
"CHIKA MALA", "X ESO BB", "ANDO" Jere Klein 6.239.274
77%
"miau", "misteriosa (xulinho)", "Casi Amor De Verano" Young Cister 7.099.985
77%
"Pégate", "Baila para Mi", "Chaparrita" Standly 7.495.194
75%
"NO COOPERAMOS", "Llamame Bebe", "Dime Tú" Pailita 4.596.915
69%
"Bailando", "SHERATON", "XIPETA" El Jordan 23 4.398.208
67%
"06:06", "PONTE LOKITA", "Tas Texteandome" Katteyes 5.390.828
59%
"A200", "2 Hielos", "NOPALATELE" King Savagge 4.835.779
48%
"Choka", "Lealtad", "Ay Mamasita" Jairo Vera 4.609.482
46%
"Bentley", "Coa Xorete", "Cosa Linda" Lucky Brown 4.548.340
46%
"El Duelo", "Prisioneros De La Piel", "Mentira" La Ley 4.777.549
44%
"Me Pongo Bonito", "En Busca de una Bandida", "Como Ladron" Bayron Fire 4.389.730
43%
"Humilde, Flaite y Sencillo", "KE LA CASTIGUEN", "PRÉNDETE" LOUKI 5.949.291
23%
No se encontraron pruebas coincidentes
Distribución de puntuación
Porcentaje de gente con cada puntuación
Porcentaje por número respondido
Historial de tus puntuaciones
No has intentado esta prueba.